| 000 | 01730nam0a2200349 4500 | ||
|---|---|---|---|
| 001 | RU\NLR\bibl\383967 | ||
| 005 | 20260407072714.0 | ||
| 010 |
_a5-901683-58-7 _91000 |
||
| 035 | _a(NLR Aleph) 000378356 | ||
| 090 |
_a439735 _c439735 |
||
| 100 | _a20030401d2002 |||y0rusy50 ca | ||
| 101 | 0 |
_arus _deng |
|
| 102 | _aRU | ||
| 105 | _ay ||||||||| | ||
| 200 | 1 |
_aОбщий рынок Россия - ЕС. Возможно ли это? _eДискус. _fКом. "Россия в объединенной Европе" _g[Отв. ред. Н.К. Арбатова] |
|
| 210 |
_aМ. _cКом. "Россия в объед. Европе" _d2002 |
||
| 215 |
_a41,[1] с. _d22 |
||
| 300 | _aРез. на англ. яз. | ||
| 601 | 0 | 2 |
_aЕвропейский Союз _xЭкономические взаимоотношения _yРоссийская Федерация _92184321 _3RU\NLR\auth\661313344 |
| 607 |
_aСтраны Европейского Союза _xЭкономические взаимоотношения _yРоссийская Федерация _92184848 _3RU\NLR\AUTH\6601549973 |
||
| 607 |
_aРоссийская Федерация _xЭкономические взаимоотношения _yСтраны Европейского Союза _92184849 _3RU\NLR\AUTH\6601549974 |
||
| 686 | 1 | _aУ9(4)89(2Р) | |
| 686 | 1 | _aУ880-652 | |
| 686 | _aФ4 | ||
| 702 | 1 |
_aАрбатова _bН. К. _gНадежда Константиновна _4340 |
|
| 711 | 0 | 2 |
_a"Россия в объединенной Европе", комитет _cМосква _3RU\NLR\AUTH\8810036557 _9571791 |
| 801 | 0 |
_aRU _bNLR _c20030401 _gPSBO |
|
| 801 | 1 |
_aRU _bNLR _c20030401 |
|
| 942 | _cBOOK | ||
| 980 | _aNB | ||